000 00941nam a2200253Ia 4500
001 10525
003 GE_BSU
008 181216s||||||||xx |||||||||||||| ||und||
020 _a9799941174636
040 _cGE_BSU
100 _aქეცბაია, კახა
245 _aსოციოლოგიის შესავალი. ლექციები
245 _bლექციები
245 _cრედ:აკაკი ყულიჯანაშვილი; ლიტ.რედ:ჯემალ შონია.
250 _aმე–3 გამოც.
260 _aთბილისი
260 _bუნივერსალი
260 _c2011
300 _a288გვ;29სმ.
300 _bსახელთა საძიებელი:გვ.271–283
541 _h21ლ.
653 _aსოციოლოგიის შესავალი:(ლექციები)
942 _cBK
999 _c43780
_d43780